书目信息 |
| 题名: |
怎样造好句子
|
|
| 作者: | 陈法今 著 | |
| 分册: | ||
| 出版信息: | 南京 江苏教育出版社 1984 |
|
| 页数: | 216页 | |
| 开本: | 19cm | |
| 丛书名: | ||
| 单 册: | ||
| 中图分类: | H146.3 , H13 | |
| 科图分类: | ||
| 主题词: | 汉语-句法 , 句法-汉语 , 汉语--语义 , 汉语--语义学 , 汉语--词汇 , 训诂 | |
| 电子资源: | ||
| ISBN: | ||
| 000 | 00704nam0 2200289 450 | |
| 001 | 1529949645 | |
| 005 | 20150125081939.73 | |
| 010 | @dCNY0.68 | |
| 091 | @a7351.058 | |
| 100 | @a19950629d1984 em y0chiy0110 ea | |
| 101 | 0 | @achi |
| 102 | @aCN@b320000 | |
| 105 | @ay zz 000yy | |
| 200 | 1 | @a怎样造好句子@9zen yang zao hao ju zi@f陈法今著 |
| 210 | @a南京@c江苏教育出版社@d1984 | |
| 215 | @a216页@d19cm | |
| 606 | 0 | @a汉语-句法 |
| 606 | 0 | @a句法-汉语 |
| 606 | 0 | @a汉语@x语义 |
| 606 | 0 | @a汉语@x语义学 |
| 606 | 0 | @a汉语@x词汇 |
| 606 | 0 | @a训诂 |
| 690 | @aH146.3@v5 | |
| 690 | @aH13@v4 | |
| 701 | 0 | @a陈法今@9chen fa jin@4著 |
| 801 | 0 | @aCN@bTSSF@c20150125 |
| 905 | @aZUCC@dH13@eJY48 | |
| 怎样造好句子/陈法今著.-南京:江苏教育出版社,1984 |
| 216页;19cm |
| ISBN :CNY0.68 |
| ● |
| 相关链接 |
|
|
|
|
正题名:怎样造好句子
索取号:H13/JY48
 
预约/预借
| 序号 | 登录号 | 条形码 | 馆藏地/架位号 | 状态 | 备注 |
| 1 | 7853873 | 278538735 | 学院路分馆/ [索取号:H13/JY48] | 在馆 |